Hrozba záplav a podmáčania pôdy hrozba pre poľnohospodárstvo na Východoslovenskej nížine

Bibliographic Details
Main Author: Kocúr, Ján, 1929- (Author)
Format: Article
Language:Slovak
ISSN:0862-9567
Subjects:

MARC

LEADER 00000nab a2200000 a 4500
001 vtls000664223
003 SK-MaSNL
005 20260303225703.0
008 140228c1998 xo 0 slo
015 |a SNBRB1998/07-19860 
035 |a CLN000016409 
040 |a SNKBUCL  |b slo  |c SNKBUCL  |e AACR2 
041 0 |a slo 
044 |a xo  |c SK 
080 |a 631(437.6):626.86  |2 1997 
080 |a 626.86(437.6)  |2 1997 
080 |a 631.6(437.6)  |2 1997 
100 1 |a Kocúr, Ján,  |d 1929-  |4 aut  |9 5748 
245 1 0 |a Hrozba záplav a podmáčania pôdy  |b hrozba pre poľnohospodárstvo na Východoslovenskej nížine  |c Ján Kocúr 
650 0 7 |a poľnohospodárstvo  |x úpravy vodohospodárske  |x meliorácie  |z Východoslovenská nížina (Slovensko)  |2 snkbucl  |9 1262929 
650 0 7 |a úpravy vodohospodárske  |2 snkbucl  |9 604402 
650 0 7 |a meliorácie  |2 snkbucl  |9 14505 
651 7 |a Východoslovenská nížina (Slovensko)  |2 snkbucl  |9 19595 
655 7 |a články z novín a časopisov  |2 snkbucl  |9 267496 
773 0 |t Hospodárske noviny  |g Roč. 6, č. 142 (27.7.1998), s. 9  |x 0862-9567 
850 |a Slovenská národná knižnica v Martine 
852 |a SNK  |b KIS3GCP 
958 |a SK 
992 |a RBX 
999 |c 2257975  |d 2259905